000 01036nam a2200253 i 4500
001 141637
003 ES-MaACL
005 20240409170424.0
008 220519s1977 sp 000 0 spa
080 _a1 Averroes
100 1 _aPuig Montada, Josep.
_9174502
245 1 0 _aAbu'L-Walid Ibn Rusd :
_bAl-Yawami'fi-L-Falsafa, Kitab as-Sama'at-Tab'I /
_cpor José Puig Montada.
260 _aBarcelona :
_bUniversidad de Barcelona, [Facultad de Filosofía y Letras],
_c1977.
300 _a15 p. ;
_c24 cm.
502 _aTesis-Univ. Barcelona (Extracto)
594 _aPrecede al tít.: Universidad de Barcelona. Secretariado de Publicaciones, Intercambio Científico y Extensión Universitaria
600 0 4 _aAverroes-
_xCrítica e interpretación.
_924028
655 _aTesis y escritos académicos
_9226867
710 2 _aUniversidad de Barcelona.
_bFacultad de Filosofía y Letras.
_97149
740 0 2 _aAverroes.
852 4 _aES-MaACL
_jP-1415 (122)
_9146755
_bR.68610
_cDEPO2
942 _2udc
999 _c141637
_d141637